Reputačný manažment v podmienkach automobilového priemyslu skúmanie finančných aspektov reputácie : monografia

Podrobná bibliografia
Hlavní autori: Juhászová, Ingrid (Autor), Markovič, Peter, 1974- (Autor), Pollák, František, 1985- (Autor), Vavro, Daniel (Autor)
Médium: Kniha
Jazyk:slovenčina
Fyzický popis:123 strán grafy, tabuľky
Vydavateľské údaje: Bratislava Kartprint 2018
ISBN:9788089553570
Vydanie:Vydanie prvé
Predmet:

MARC

LEADER 00000cam a2200000 4500
001 vtls011865497
003 SK-MaSNL
005 20260302055619.0
008 220107s2018 xo da grn 000 0 slo
015 |a SNBA2021/02 
020 |a 9788089553570  |q (brožované) 
035 |a urn:nbn:sk:snk-am00g4tu 
035 |a urn:nbn:sk:snk-am3iykm 
035 |a 45A2440B-7506-4D44-9E90-6A31128A2C08 
040 |a SNK  |b slo  |c SNK  |e rda 
041 0 |a slo 
044 |a xo  |c SK 
072 7 |a 629  |x Dopravné prostriedky  |2 konspekt 
080 |a 629.331:338.45  |2 2011 
080 |a 658.8:005  |2 2011 
080 |a 658.14/.17  |2 2011 
080 |a 005.336.6  |2 2011 
080 |a (048.8)  |2 2011 
100 1 |a Juhászová, Ingrid  |4 aut  |9 716289 
245 1 0 |a Reputačný manažment v podmienkach automobilového priemyslu  |b skúmanie finančných aspektov reputácie : monografia  |c Ingrid Juhászová, Peter Markovič, František Pollák, Daniel Vavro 
250 |a Vydanie prvé 
264 1 |a Bratislava  |b Kartprint  |c 2018 
300 |a 123 strán  |b grafy, tabuľky 
336 |a text  |b txt  |2 rdacontent 
337 |a bez média  |b n  |2 rdamedia 
338 |a zväzok  |b nc  |2 rdacarrier 
366 |e 100 kusov 
500 |a Obsahuje bibliografiu ; bibliografické odkazy 
650 0 7 |a automobilový priemysel  |2 SNKPH  |9 28623 
650 0 7 |a marketingový manažment  |2 SNKPH  |9 1715 
650 0 7 |a podnikové financie  |2 SNKPH  |9 4308 
650 0 7 |a Automobile industry  |2 SNKPHeng  |9 267339 
650 0 7 |a Marketing management  |2 SNKPHeng  |9 275329 
650 0 7 |a Business finance  |2 SNKPHeng  |9 302700 
650 0 7 |a imidž organizácie  |2 SNKPH  |9 930 
650 0 7 |a Corporate image  |2 SNKPHeng  |9 346231 
655 7 |a monografie  |2 SNKPH  |9 70139 
655 7 |a Monographs  |2 SNKPHeng  |9 120675 
700 1 |a Markovič, Peter,  |d 1974-  |4 aut  |9 217075 
700 1 |a Pollák, František,  |d 1985-  |4 aut  |9 182067 
700 1 |a Vavro, Daniel  |4 aut  |9 716290 
919 |a 978-80-89553-57-0 
958 |a NB 
999 |c 1117954  |d 1119884 
952 |a SNK  |b SNK  |y PREZ  |7 0  |p 17A1371995  |o snkSC 184289  |i snk2019/13249  |8 0  |0 0  |1 0  |4 0  |d 2019-05-13  |f 1  |l 0  |r 2026-02-24 18:22:02  |w 2026-02-24 
952 |a SNK  |b SNK  |y VYP  |7 0  |p 17A1371997  |o snkSC 184289 D1  |i snk2019/13250  |8 0  |0 0  |1 0  |4 0  |d 2019-05-13  |l 0  |r 2026-02-24 18:22:02  |w 2026-02-24